000 00723nam a2200229Ia 4500
003 GCL
008 140319s9999 xx 000 0 ara d
040 _aGCL /
_cGCL
082 0 4 _a194
_bك د
100 1 _aخليل احمد خليل
245 1 0 _aدراسات فى تاريخ العلوم فلسفتها /
_cخليل احمد خليل
700 1 _aكانغيلهم , جورج
250 _aالاولى
260 _aبيروت :
_bدار الفكر اللبنانى ،
_c1992
300 _a399 ص ؛
_c24 سم
490 _a
650 0 4 _aالفلسفة
650 0 4 _aالفلسفة الحديثة
650 0 4 _aالفلسفة الغربية
650 0 4 _aالفلسفة الفرنسية
942 _2ddc
_cBK
999 _c28527
_d28527